00246nam a2200097Ia 45000010005000000080041000050820029000461000027000752450022001022600024001244576241024s9999 xx 000 0 und d aRD/333.7/F981m/2015-2016 aFundación Sur Futuro 0aMemoria 2015-2016 bSanto Domingoc2016